La libertad de enseñanza

Αποθηκεύτηκε σε:
Λεπτομέρειες βιβλιογραφικής εγγραφής
Κύριος συγγραφέας: Barrena, José (Συγγραφέας)
Μορφή: Βιβλίο
Γλώσσα:Ισπανικά
Έκδοση: Madrid B.A.C 1978
Σειρά:Cuadernos BAC, 1
Θέματα:
Ετικέτες: Προσθήκη ετικέτας
Δεν υπάρχουν, Καταχωρήστε ετικέτα πρώτοι!

MARC

LEADER 00000nam a2200000 a 4500
001 UCT7902
003 CL-VaPUC
008 970317e19780000SP |||||||||||||||||spa|d
082 0 4 |a 344.079  |b BAR  |2 21 
100 0 |a Barrena, José  |e author  |9 379167 
245 1 3 |a La libertad de enseñanza 
300 |a 30 p 
942 |c BK 
945 |d 19970317 00:00:00  |a paguirre 
260 |a Madrid  |b B.A.C  |c 1978 
650 0 |a Libertad de enseñanza   |9 311567 
650 0 |a Derecho a la educación   |9 307987 
650 0 |a Educación  |9 258661 
650 0 |a Política educacional  |9 308011 
650 0 |a Estado  |9 255503 
650 0 |a Libertad  |9 255686 
583 |a last modification  |c 19970317 00:00:00  |k Rodrigo Vera 
490 0 |a Cuadernos BAC, 1 
999 |c 256448  |d 256446 
952 |0 0  |1 0  |2 ddc  |4 0  |6 344_079000000000000_BAR_1978  |7 0  |8 A  |9 279189  |a BIBDER  |b BIBDER  |d 2019-11-19  |i 1809415  |o 344.079 BAR 1978  |p 1809415  |r 2023-01-25  |w 2019-11-19  |y MX  |k DER